The Holiness-Pentecostal movement in the United States. (Record no. 14164)

000 -LEADER
fixed length control field 00822nam a2200205 a 4500
001 - CONTROL NUMBER
control field :::00011988$&:&@@
003 - CONTROL NUMBER IDENTIFIER
control field OkBaRHE
005 - DATE AND TIME OF LATEST TRANSACTION
control field 20110421130702.0
008 - FIXED-LENGTH DATA ELEMENTS--GENERAL INFORMATION
fixed length control field s1971 j 000 0 eng u
040 ## - CATALOGING SOURCE
Transcribing agency
100 1# - MAIN ENTRY--PERSONAL NAME
Personal name Synan, Vinson.
245 14 - TITLE STATEMENT
Title The Holiness-Pentecostal movement in the United States.
260 ## - PUBLICATION, DISTRIBUTION, ETC. (IMPRINT)
Place of publication, distribution, etc Grand Rapids, MI., :
Name of publisher, distributor, etc Eerdmans
Date of publication, distribution, etc 1971
300 ## - PHYSICAL DESCRIPTION
Extent 248 p. ;
Dimensions 23 cm.
650 ## - SUBJECT ADDED ENTRY--TOPICAL TERM
Topical term or geographic name as entry element Pentecostalism
General subdivision United States
942 ## - ADDED ENTRY ELEMENTS (KOHA)
Source of classification or shelving scheme
Koha item type Books
Copies
Date acquired Lost status Not for loan Source of classification or shelving scheme Koha item type Shelving location Withdrawn status Full call number Barcode Damaged status Copy number Date checked out Date last seen Permanent Location Current Location Total Checkouts Price effective from Total Renewals
2010-04-14   BooksGeneral Stacks BX 8763 .S9621052 3 2010-04-14RHEMA Bible Training College  2010-04-14 
2010-04-14   BooksGeneral Stacks BX 8763 .S9611988 12011-04-142012-03-20RHEMA Bible Training CollegeRHEMA Bible Training College22010-04-143
2010-04-14   BooksGeneral Stacks BX 8763 .S9615384 22012-02-072012-02-28RHEMA Bible Training CollegeRHEMA Bible Training College12010-04-141